All current EU heads of government - Statistics

General Stats
  • This quiz has been taken 150 times
  • The average score is 9 of 27
Answer Stats
Answer % Correct
President Emmanuel Macron France
98%
Prime Minister Giorgia Meloni Italy
90%
Prime Minister Viktor Orbán Hungary
85%
Chancellor Friedrich Merz Germany
84%
Prime Minister Pedro Sánchez Spain
72%
Prime Minister Donald Tusk Poland
69%
Prime Minister Robert Fico Slovakia
43%
Prime Minister Andrej Babiš Czechia
31%
Prime Minister Mette Frederiksen Denmark
31%
Prime Minister Kyriakos Mitsotakis Greece
27%
Prime Minister Bart de Wever Belgium
26%
Taoiseach Michéal Martin Ireland
23%
Prime Minister Luís Montenegro Portugal
22%
President Nicușor Dan Romania
22%
Prime Minister Rob Jetten Netherlands
22%
Prime Minister Ulf Kristersson Sweden
19%
Prime Minister Petteri Orpo Finland
16%
Chancellor Christian Stocker Austria
13%
Prime Minister Andrej Plenković Croatia
10%
Prime Minister Kristen Michal Estonia
10%
Prime Minister Robert Golob Slovenia
10%
President Gitanas Nausėda Lithuania
9%
Prime Minister Evika Siliņa Latvia
8%
Prime Minister Robert Abela Malta
8%
Prime Minister Luc Frieden Luxembourg
7%
President Nikos Christodoulides Cyprus
6%
Prime Minister Andrey Gyurov Bulgaria
4%
No matching quizzes found
Score Distribution
Percent of People with Each Score
Percentile by Number Answered
Your Score History
You have not taken this quiz